000
00265nam a22001217a 4500
008
170922b xxu||||| |||| 00| 0 eng d
041
_a
eng
080
_a
37
100
_a
46
101
_a
EDU
245
_a
THE CULTURAL EXPERIENCE
_c
SPRADLEY, J.P
942
_2
udc
_c
BK
999
_c
29103
_d
29103